005220000a22001570004500060000800000082001600008100001800024245009700042260004200139260000900181300000800190650002800198942000700226999001900233952011200252 a100 a338. 09 REP aMudholkar, RN aReport of the eight Indian industrial conference held at Bankipore on the 30th December 1912 aAmraoti, Indian Industrial conference c1913 a419 aIndustrial productivity cBK c364486d364486 00104070aKAUCOAVbKAUCOAVd2014-05-02l0o338. 09 REPpKAU_COAV-426r2014-05-02 00:00:00w2014-05-02yBK